Louisiana Courier : (Record no. 40438)

MARC details
000 -LEADER
fixed length control field 00820cpcaa22002417a 4500
001 - CONTROL NUMBER
control field mm 79000504
003 - CONTROL NUMBER IDENTIFIER
control field DLC
005 - DATE AND TIME OF LATEST TRANSACTION
control field 20260227111632.0
008 - FIXED-LENGTH DATA ELEMENTS--GENERAL INFORMATION
fixed length control field 790809|||||||||||| spa
010 ## - LIBRARY OF CONGRESS CONTROL NUMBER
LC control number mm 79000504
040 ## - CATALOGING SOURCE
Original cataloging agency DLC
Transcribing agency DLC
Modifying agency DLC
Description conventions dacs
041 ## - LANGUAGE CODE
Language code of text/sound track or separate title spa
-- eng
072 #7 - SUBJECT CATEGORY CODE
Subject category code N
Source lcmd
245 00 - TITLE STATEMENT
Title Louisiana Courier :
Form appointment with recommendations,
Inclusive dates 1850.
300 ## - PHYSICAL DESCRIPTION
Extent 1
Type of unit item.
506 0# - RESTRICTIONS ON ACCESS NOTE
Terms governing access Open to research.
546 ## - LANGUAGE NOTE
Language note Collection material in Spanish, with English.
580 ## - LINKING ENTRY COMPLEXITY NOTE
Linking entry complexity note Forms part of: Miscellaneous Manuscripts collection.
630 00 - SUBJECT ADDED ENTRY--UNIFORM TITLE
Uniform title Louisiana courier (New Orleans, La.)
651 #0 - SUBJECT ADDED ENTRY--GEOGRAPHIC NAME
Geographic name New Orleans (La.)
Form subdivision Newspapers.

No items available.

Powered by Koha